LEADER 00927nam a2200241 i 4500 001 000000146867 003 CaOOAMICUS 005 20060118000000.0 008 060118s1967 it u000 u ita u 013 $a123801 040 $aSeMil$bita 100 1 $aJames, Henry,$d<1843-1916>.$0(OLS)http://semarc/name/7085 245 13$aLe ali della colomba ; Il riverberatore. 300 $aVII, 790 p. 490 0 $aI grandi classici stranieri ;$v.[64.] 500 $aFondo Ciprandi. 773 0 $aJames, Henry <1843-1916>$tRomanzi.$dFirenze : Sansoni, [1965]$kGrandi classici stranieri$w()15229 830 2$aI grandi classici stranieri ;$v.[64.].$0(OLS)http://semarc/title/7838 850 $aSeMil 852 $aSeMil$W1$xVenegono$y1$m1W II 250$j99480$B99480$CSeMilBibl$Z2$F107958 $81 941 1 $a1 961 $aOmaggio: Ciprandi dott. Paolo 996 $6245$aLe ali della colomba ; Il riverberatore$9(OLS)http://semarc/title/214792 LEADER 01019nam a2200253 i 4500 001 000000172708 003 CaOOAMICUS 005 20240416141859.0 008 080624s1948 it u000 u ita u 013 $a150151 040 $aSeMil$bita 100 1 $aCronin, Archibald Joseph,$d<1896-1981>.$0(OLS)http://semarc/name/17013 240 14$aThe keys of the kingdom.$0(OLS)http://semarc/title/247381 245 13$aLe chiavi del regno /$cA. J. Cronin ; Versione di Andrea Damiano. 260 $aMilano :$bA. Martello,$cstampa 1948. 300 $a388 p. ;$c22 cm. 490 0 $aI grandi romanzi Martello 700 1 $aDamiano, Andrea.$0(OLS)http://semarc/name/33161 830 2$aI grandi romanzi Martello.$0(OLS)http://semarc/title/20825 850 $aSeMil 852 $aSeMil$W1$xVenegono$y1$m1S III 96/A$j123562$B123562$CSeMilBibl$Z2$F134673 $81 996 $6245$aLe chiavi del regno$9(OLS)http://semarc/title/58519 996 $6260$aMilano :$bA. Martello$9(OLS)http://semarc/publisher/32451